000 01098nam a2200241Ia 4500
999 _c50949
_d50949
001 17906
003 GE_BSU
005 20200228142334.0
008 181216s1960 xx |||||||||||||| ||geo||
040 _cGE_BSU
041 _ageo
080 _a821.353.1-1 შ-51
100 _aშერაზადიშვილი, ზ.
_97627
245 _aგაზაფხულიდან გაზაფხულამდე :
_b [ლექსები] /
_cზ. შერაზადიშვილი ; რედ. ვ. გვეტაძე ; მხატვ. ჯ .ყავლაშვილი .
264 _aთბილისი :
_bნაკადული,
_c1960.
300 _a55გვ. ;
_c19 სმ.
653 _aგაზაფხულიდან გაზაფხულამდე
653 _aლექსები
653 _aქართული ლიტერატურა
700 _aგვეტაძე, ვ
_eრედაქტორი
_97628
700 _aყავლაშვილი, ჯ
_eმხატვარი
_95903
942 _cBK
_2udc